Alle Unlicht-Pokemon - Statistiken

Allgemein
  • Dieses Quiz wurde 385 mal gespielt
    244 seit der letzten Aktualisierung
  • Das Durchschnittsergebnis liegt bei 48 aus 70
Antwortstatistiken
Pokedex-Nummer Pokemon 2. Typ % Korrekt
229 Hundemon Feuer
97%
228 Hunduster Feuer
97%
274 Blanas Pflanze
95%
275 Tengulist Pflanze
95%
198 Kramurx Flug
94%
215 Sniebel Eis
94%
302 Zobiris Geist
94%
461 Snibunna Eis
93%
248 Despotar Gestein
91%
261 Fiffyen
90%
430 Kramshef Flug
90%
197 Nachtara
90%
262 Magnayen
89%
319 Tohaido Wasser
86%
634 Duodino Drache
85%
442 Kryppuk Geist
85%
318 Kanivanha Wasser
84%
633 Kapuno Drache
83%
635 Trikephalo Drache
83%
491 Darkrai
81%
452 Piondragi Gift
80%
359 Absol
79%
553 Rabigator Boden
78%
435 Skuntank Gift
78%
625 Caesurio Stahl
76%
560 Irokex Kampf
76%
332 Noktuska Pflanze
76%
658 Quajutsu Wasser
76%
552 Rokkaiman Boden
76%
434 Skunkapuh Gift
76%
559 Zurrokex Kampf
76%
551 Ganovil Boden
75%
342 Krebutack Wasser
75%
629 Skallyk Flug
75%
624 Gladiantri Stahl
74%
630 Grypheldis Flug
74%
509 Felilou
73%
727 Fuegro Feuer
73%
510 Kleoparda
73%
717 Yveltal Flug
73%
571 Zoroark
73%
570 Zorua
72%
687 Calamanero Psycho
71%
686 Iscalar Psycho
70%
720 Hoopa Psycho
68%
675 Pandagro Kampf
68%
861 Olangaar Fee
64%
859 Bähmon Fee
60%
799 Schlingking Drache
59%
860 Pelzebub Fee
58%
877 Morpeko Elektro
56%
862 Barrikadax Normal
54%
827 Kleptifux
52%
828 Gaunux
51%
893 Zarude Pflanze
51%
983 Gladimperio Stahl
46%
892 Wulaosu Kampf
46%
908 Maskagato Pflanze
45%
1004 Yuyu Feuer
45%
993 Eisenhals Flug
42%
986 Wutpilz Pflanze
42%
904 Myriador Gift
41%
1005 Donnersichel Drache
40%
962 Adebom Flug
35%
920 Lextremo Käfer
35%
1002 Baojian Eis
34%
1003 Dinglu Boden
34%
1001 Chongjian Pflanze
27%
943 Mastifioso
27%
942 Mobtiff
26%
Keine übereinstimmenden Quizze gefunden
Verteilung der Resultate
Anzahl Personen mit jedem Resultat
Perzentil nach korrekt beantworteten Fragen
Ihre Resultats-Entwicklung
Sie haben dieses Quiz seit der letzten Aktualisierung nicht gespielt